[Event "Damhusmesterskabet Gruppe C 2011"]
[Site "Rodovre"]
[Date "2011.10.25"]
[Round "7"]
[White "Johansen, Erik"]
[Black "Rohder, Bjarne"]
[Result "1/2-1/2"]
[WhiteElo "1492"]
[BlackElo "1478"]
[PlyCount "106"]
[EventDate "2011.??.??"]


1. e4 e5 2. Nf3 Nc6 3. d4 exd4 4. Nxd4 Nxd4 5. Qxd4 d6 6. Bc4 Be6 7. Bd3 Nf6 8.
Bg5 Be7 9. Nc3 c5 10. Bb5+ Kf8 11. Qe3 Ng4 12. Bxe7+ Qxe7 13. Qe2 Rd8 14. O-O
h5 15. f4 f5 16. Rad1 Rh6 17. Rf3 h4 18. h3 Nf6 19. e5 Nh5 20. Bc4 dxe5 21.
fxe5 Ng3 22. Rxg3 Rxd1+ 23. Nxd1 hxg3 24. Ne3 Bxc4 25. Nxc4 g5 26. Qd3 f4 27.
Qf5+ Kg7 28. Kf1 Re6 29. a4 a6 30. a5 Rg6 31. Nd6 Re6 32. Nc4 Qf7 33. Qe4 Re7
34. Nd6 Qg6 35. Qe2 Qxd6 36. exd6 Rxe2 37. Kxe2 Kf7 38. Kf3 Ke6 39. d7 Kxd7 40.
h4 gxh4 41. Kxf4 Kc6 42. Kg4 Kb5 43. Kxh4 Kxa5 44. Kxg3 b5 45. Kf4 Kb6 46. Kf5
c4 47. g4 c3 48. b3 a5 49. g5 a4 50. bxa4 bxa4 51. g6 a3 52. g7 a2 53. g8=Q
a1=Q 1/2-1/2

[Event "Damhusmesterskabet Gruppe C 2011"]
[Site "Rodovre"]
[Date "2011.10.25"]
[Round "7"]
[White "Sorensen, Poul Busk"]
[Black "Hviid, Jens Carl"]
[Result "1/2-1/2"]
[WhiteElo "1518"]
[BlackElo "1409"]
[PlyCount "83"]
[EventDate "2011.??.??"]


1. c4 Nf6 2. Nc3 c6 3. g3 d5 4. cxd5 Nxd5 5. Bg2 Nxc3 6. bxc3 e5 7. e3 Bf5 8.
e4 Be6 9. Nf3 Nd7 10. O-O Be7 11. d4 Bc4 12. Re1 exd4 13. cxd4 O-O 14. Qc2 Nb6
15. Be3 Be6 16. d5 cxd5 17. Bxb6 axb6 18. exd5 Qxd5 19. Ne5 Qc5 20. Qxc5 Bxc5
21. Bxb7 Rxa2 22. Rxa2 Bxa2 23. Nd7 Rd8 24. Nxc5 bxc5 25. Re2 Be6 26. f4 g6 27.
Rc2 c4 28. Ba6 Rd6 29. Bb5 Rb6 30. Bxc4 Rc6 31. Bd3 Rxc2 32. Bxc2 h5 33. Be4
Kg7 34. Kg2 Kf6 35. h3 Ke7 36. Bf3 f5 37. Kf2 Kd6 38. Ke3 Kc5 39. Kd3 Bc4+ 40.
Ke3 Bf1 41. h4 Bc4 42. Bb7 1/2-1/2